The tale of my exile : (Record no. 153445)

MARC details
000 -LEADER
fixed length control field 00680nam a22001937a 4500
005 - DATE AND TIME OF LATEST TRANSACTION
control field 20180706105026.0
010 ## - LCCN (DPL NO)
LC control number ENG-123499
020 ## - INTERNATIONAL STANDARD BOOK NUMBER
Terms of availability 95.00
International Standard Book Number 9788170589914
035 ## - SYSTEM CONTROL NUMBER
System control number EN-107031
037 ## - SOURCE OF ACQUISITION
Source of stock number/acquisition DBAD/PUB
082 ## - DEWEY DECIMAL CLASSIFICATION NUMBER
Classification number 954.0840922
100 ## - MAIN ENTRY--PERSONAL NAME
Personal name Ghose, Barindra Kumar
245 00 - TITLE STATEMENT
Title The tale of my exile :
Remainder of title twelve years in the andamans /
Statement of responsibility, etc by Barindra Kumar Ghose; ed. by Sachidananda Mohanty
260 ## - PUBLICATION, DISTRIBUTION, ETC. (IMPRINT)
Place of publication, distribution, etc Pondicherry
Name of publisher, distributor, etc Sri Aurobindo Ashram
Date of publication, distribution, etc 2011
270 ## - ADDRESS
Address Sri Aurobindo Ashram publication department,
City Pondicherry
Postal code 605002
300 ## - PHYSICAL DESCRIPTION
Extent lxviii,143p.
Dimensions 18cm.(pbk)
Other physical details ill
700 ## - ADDED ENTRY--PERSONAL NAME
Personal name Mohanty, Sachidananda
942 ## - ADDED ENTRY ELEMENTS (KOHA)
Source of classification or shelving scheme Dewey Decimal Classification
Item type English Books
Call number suffix GHO
Classification part 954.0840922
Holdings
Withdrawn status Lost status Not for loan Collection code Home library Current library Date acquired Source of acquisition Cost, normal purchase price Full call number Barcode Copy number Cost, replacement price Koha item type
    Not For Loan Non-fiction D.B.Act.Division Central Library 06/07/2018 DBAD/PUB 95.00 954.0840922 GHO EN-107031 1 95.00 English Books

© Delhi Public Library
Hit Counter
free hit counter